| 000 | 00720nam a2200241Ia 4500 | ||
|---|---|---|---|
| 999 |
_c50830 _d50830 |
||
| 001 | 17784 | ||
| 003 | GE_BSU | ||
| 005 | 20221114173432.0 | ||
| 008 | 181216s2010fr xx |||||||||||||| ||fre|| | ||
| 020 | _a9782278064496x | ||
| 040 | _cGE_BSU | ||
| 041 | _afre | ||
| 080 | _a811.133.1 B-48 | ||
| 100 |
_aBreton, Gilles _97384 |
||
| 245 |
_aReussir le Delf B1 + Cd / _cBreton Gilles; Lepage Sylvie; Rousse Marrie. |
||
| 264 |
_aParis : _bDidier, _c2010. |
||
| 300 |
_a192 p.: _bill ; _c27 cm. _e+1CD |
||
| 653 | _aReussir le Delf B1 | ||
| 653 | _aფრანგული ენა | ||
| 700 |
_aLepage,Sylvie _97382 _eავტორი |
||
| 700 |
_aRousse, Marrie _97383 _eავტორი |
||
| 942 |
_cBK _2udc |
||